00221nam a22000737a 4500008004100000020001800041245007700059300001100136150114b xxu||||| |||| 00| 0 eng d a9781561836956 aFinancial Fitness for Life : Student workbook Grade 6-8cBarbara Flowers a154 p.